02268naa a2200217 a 450000100080000000500110000800800410001910000170006024501350007726000090021252015950022165300190181665300250183565300200186065300250188065300140190570000170191970000200193670000190195677300750197511203232014-03-11 2003 bl uuuu u00u1 u #d1 aSERPA, P. N. aAvalia????o de algumas propriedades da madeira de Eucalyptus grandis, Eucalyptus saligna e Pinus elliottii.h[electronic resource] c2003 aO objetivo deste trabalho foi determinar o rendimento em madeira serrada, bem como a massa espec??fica, contra????o volum??trica, resist??ncia ?? flex??o est??tica, resist??ncia ?? compress??o paralela, qualidade da linha de cola e trabalhabilidade das madeiras de Eucalyptus grandis, Eucalyptus saligna e Pinus elliottii. Foram colhidas tr??s ??rvores de cada uma destas esp??cies, com idades aproximadas de 50, 40 e 40 anos, respectivamente. De cada ??rvore foram retiradas tr??s toras, sendo uma na base, uma no meio e uma no topo do fuste. Foram analisadas as varia????es em algumas propriedades, no sentido medula-casca e no sentido longitudinal. Os resultados mostraram que todas as propriedades f??sicas e mec??nicas variaram dentro da ??rvore nos sentidos radial e longitudinal. A densidade b??sica e as resist??ncias ?? flex??o e ?? compress??o aumentaram na dire????o medula-casca, enquanto a contra????o volum??trica diminuiu. Portanto, para obten????o de madeiras mais densas, mais est??veis e com maior resist??ncia ?? flex??o e ?? compress??o, ?? necess??ria a colheita de ??rvores mais velhas. Observou-se ainda que as toras da por????o m??dia do fuste, de modo geral, apresentaram menores valores para todas as propriedades determinadas do que as da base e do topo. A resist??ncia da linha de cola e a porcentagem de falha na madeira para madeira juvenil e adulta apresentaram pouca diferen??a em todas as posi????es no fuste. No ensaio de confec????o de espiga e fura????o para espiga, todas as esp??cies apresentaram resultados satisfat??rios, sem ocorr??ncia de defeitos. aEucalyptus spp aMadeira de eucalipto aMadeira serrada aM??veis de eucalipto aPinus spp1 aVITAL, B. R.1 aLUCIA, R. M. D.1 aPIMENTA, A. S. tRevista ??rvore, Vi??osa, MGgv. 27, n. 5, p. 723-733, set./out. 2003.